Central Library OPAC University of Rajshahi

African history : (Record no. 13612)

MARC details
000 -LEADER
fixed length control field 01119cam a2200301 a 4500
001 - CONTROL NUMBER
control field 13612
003 - CONTROL NUMBER IDENTIFIER
rucl marc code BD-RjUL
005 - DATE AND TIME OF LATEST TRANSACTION
control field 20211208235500.0
008 - FIXED-LENGTH DATA ELEMENTS--GENERAL INFORMATION
fixed length control field 140201s2007 enkab b 001 0 eng
020 ## - INTERNATIONAL STANDARD BOOK NUMBER
International Standard Book Number 9780192802484 (pbk.)
035 ## - SYSTEM CONTROL NUMBER
System control number (BD-RjUL)13664
040 ## - CATALOGING SOURCE
Original cataloging agency UKM
Transcribing agency BD-RjUL
Modifying agency BD-RjUL
-- DLC
Language of cataloging eng
041 ## - LANGUAGE CODE
Language code of text/sound track or separate title eng
082 04 - DEWEY DECIMAL CLASSIFICATION NUMBER
Classification number 960
Edition number 22
Author mark and year PAA 2007
100 1# - MAIN ENTRY--PERSONAL NAME
Personal name Parker, John,
Dates associated with a name 1960-
9 (RLIN) 42599
245 10 - TITLE STATEMENT
Title African history :
Remainder of title a very short introduction /
Statement of responsibility, etc. John Parker and Richard Rathbone.
260 ## - PUBLICATION, DISTRIBUTION, ETC. (IMPRINT)
Place of publication, distribution, etc. Oxford ;
-- New York :
Name of publisher, distributor, etc. Oxford University Press,
Date of publication, distribution, etc. 2007.
300 ## - PHYSICAL DESCRIPTION
Pagination 165 p. :
Illustrations ill., maps ;
Size 18 cm.
504 ## - BIBLIOGRAPHY, ETC. NOTE
Bibliography, etc Includes bibliographical references (p. 151-160) and index.
651 #0 - SUBJECT ADDED ENTRY--GEOGRAPHIC NAME
Geographic name Africa
General subdivision History.
9 (RLIN) 542
700 1# - ADDED ENTRY--PERSONAL NAME
Personal name Rathbone, Richard.
856 42 - ELECTRONIC LOCATION AND ACCESS
Materials specified Contributor biographical information
Uniform Resource Identifier <a href="http://www.loc.gov/catdir/enhancements/fy0737/2007297380-b.html">http://www.loc.gov/catdir/enhancements/fy0737/2007297380-b.html</a>
Materials specified Publisher description
Uniform Resource Identifier <a href="http://www.loc.gov/catdir/enhancements/fy0737/2007297380-d.html">http://www.loc.gov/catdir/enhancements/fy0737/2007297380-d.html</a>
942 ## - ADDED ENTRY ELEMENTS (KOHA)
Source of classification or shelving scheme Dewey Decimal Classification
Koha item type Books
Holdings
Lost status Source of classification or shelving scheme Damaged status Not for loan Collection code Permanent Location Current Location Shelving location Date acquired Source of acquisition Cost, normal purchase price Total Checkouts Full call number Date last seen Copy number Koha item type
  Dewey Decimal Classification   Not For Loan Non-fiction Central Library, University of Rajshahi Central Library, University of Rajshahi Reading Room 07/09/2013 Dhaka Associated Business cor. 235.00   960 PAA 2007 01/02/2014 C-1 Books